El gobernador, capitán general e intendente de Yucatán, mariscal don Manuel Artazo y Barral, y la jura de la constitución española en Mérida, el año de 1812 /

Sobretiro del Boletín del Archivo General de la Nación, en donde se ve la respuesta que tuvo Manuel Artazo y Barral, gobernador de Yucatán, en Mérida con relación a la Constitución de Cádiz de 1812.

Salvato in:
Dettagli Bibliografici
Altri autori: Rubio Mañé, Jorge Ignacio (autor) (autor)
Natura: Libro
Lingua:spagnolo
Soggetti:
Tags: Aggiungi Tag
Nessun Tag, puoi essere il primo ad aggiungerne!!

MARC

LEADER 00000nam^a2200000^a^4500
001 000131610
005 20250521000000.0
009 20260310095030.147
037 |a Acervo ITESO - Biblioteca 
041 |a ESP 
082 |a 972. 005  |b AGN S. 2 V. 9 T. 1-2 sob 
240 1 1 |a [Boletín del Archivo General de la Nación] 
245 1 3 |a El gobernador, capitán general e intendente de Yucatán, mariscal don Manuel Artazo y Barral, y la jura de la constitución española en Mérida, el año de 1812 /  |c J.I. Rubio Mañé. 
264 |a México :  |b Secretaría de Gobernación,  |c 1968 
300 |a p. 45-169 
336 |a texto  |b txt  |2 rdacontenido 
337 |a sin mediación  |b n  |2 rdamedio 
338 |a volumen  |b nc  |2 rdasoporte 
520 |a Sobretiro del Boletín del Archivo General de la Nación, en donde se ve la respuesta que tuvo Manuel Artazo y Barral, gobernador de Yucatán, en Mérida con relación a la Constitución de Cádiz de 1812. 
649 |a XX 
650 |a Gobernadores Mexicanos 
650 |a Políticos Mexicanos 
650 |a Militares Mexicanos 
650 |a Constitución, 1812 -  |z España 
650 |a Derecho Constitucional -  |z España -  |x Historia 
650 |a Derecho -  |z España -  |x Historia 
650 |a Constitucionalismo -  |z México -  |x Historia 
650 |a México -  |x Historia Constitucional 
650 |a Política -  |z Mérida, Yucatán -  |x Historia -  |y Guerra de Independencia, 1810-1821 
650 |a Política -  |z Yucatán -  |x Historia -  |y Guerra de Independencia, 1810-1821 
650 |a Política -  |z México -  |x Historia -  |y Guerra de Independencia, 1810-1821 
650 |a Mérida, Yucatán -  |x Historia -  |y Guerra de Independencia, 1810-1821 
650 |a Mérida, Yucatán -  |x Historia -  |y Epoca Colonial, 1517-1821 
650 |a Yucatán -  |x Historia -  |y Guerra de Independencia, 1810-1821 
650 |a Yucatán -  |x Historia -  |y Epoca Colonial, 1517-1821 
650 |a México -  |x Historia -  |y Guerra de Independencia, 1810-1821 
650 |a México -  |x Historia -  |y Epoca Colonial, 1517-1821 
700 |a Rubio Mañé, Jorge Ignacio  |e (autor) 
910 |a Fondo Salvador Reynoso Reynoso 
920 |a Impresos - Libros 
930 |a Fondos Especiales 
905 |a 112 
901 |a 0800012162  |b IT2  |c ESP  |u 20250521 
902 |a https://opac.biblio.iteso.mx/vufind/Record/000131610